New ways of developing agricultural technologies : (Record no. 202)

MARC details
000 -LEADER
fixed length control field 01010cam a2200169Ma 4500
020 ## - INTERNATIONAL STANDARD BOOK NUMBER
ISBN 9067546240
050 ## - CALL NUMBER
Classification number SB975
Item number .B78 BRU
100 1# - AUTHOR
Personal name Bruin, Gerard C. A.
245 10 - TITLE
Title New ways of developing agricultural technologies :
Remainder of title the Zanzibar experience with participatory Integrated Pest Management /
Statement of responsibility, etc Gerard C.A. Bruin, Frans Meerman.
260 ## - PUBLICATION INFORMATION
Place of publication Wageningen :
Name of publisher Wageningen University and Research Centre/CTA,
Year of publication 2001.
300 ## - DESCRIPTION
Number of Pages 167 p. :
Other physical details ill., map ;
Dimensions 24 cm.
500 ## - NOTES
General note INCLUDES BIBLIOGRAPHIC REFERENCE
505 00 - FORMATTED CONTENTS NOTE
Table of Content Contents: The need for appropriate technologies -- Strengthening the Plant Protection Division of Zanzibar -- Participatory IPM as a vehicle for technology development and extension -- Case studies: Diversity of IPM in different cropping systems -- Understanding the success and limitations of IPM development in Zanzibar -- Creating conditions and capacities for participatory technology development.
650 #0 - SUBJECTS
Topical Term Agricultural innovations
700 1# - OTHER AUTHORS
Personal name Meerman, Frans,
942 ## - ADDED ENTRY ELEMENTS (KOHA)
Koha item type Books
Holdings
Withdrawn status Lost status Home library Current library Date acquired Full call number Accession Number Koha item type
    Methodist University Library Wenchi Faculty Methodist University Library Wenchi Faculty 16/10/2017 SB975 .B78 BRU 33525 Books
    Methodist University Library Wenchi Faculty Methodist University Library Wenchi Faculty 16/10/2017 SB975 .B78 BRU 29298 Books
    Methodist University Library Wenchi Faculty Methodist University Library Wenchi Faculty 16/10/2017 SB975 .B78 BRU 29291 Books
Copyright © 2026  MUG Library